000 00382 a2200109 4500
001 ART_8640
005 20260410161557.0
008 260409a
245 1 0 _aLos costos, herramienta básica para medir y evaluar una gestión privada y/o pública
100 1 _aRodríguez, Roberto Mario
773 0 _tProfesional & Empresaria
_g- Año XII, Nº 137 (feb. 2011)
_wREV70
999 _c9381
_d9381